00454 a2200169 4500020001800000082001500018100002100033245002600054260003700080300001600117600002000133650002800153650003400181650002600215650002900241650001400270 a9788588840621 a701bB297a aBasbaum, Ricardo aAlem da pureza visual aPorto AlegrebEditora Zoukc2007 a158ppc23cm aRicardo Basbaum aArte moderno - Siglo XX aArte contemporaneo - Siglo XX aAnalisis del discurso aArtevHistoria y critica aPortugues